| 000 | 01010cam a2200301 a 4500 | ||
|---|---|---|---|
| 001 | 1206325 | ||
| 003 | OSt | ||
| 005 | 20230605120654.0 | ||
| 008 | 980624s1998 sz b 000 0 eng | ||
| 010 | _a 98164025 | ||
| 020 | _a9291420395 | ||
| 040 |
_aDLC _cDLC _dDLC |
||
| 050 | 0 | 0 |
_aK3293 _b.G655 1998 |
| 082 | 0 | 0 |
_a324.7 _bGIL |
| 100 | 2 | _aGoodwin-Gill, Guy S. | |
| 245 | 1 | 0 |
_aCodes of Conduct for Elections : _ba Study Prepared for the Inter-Parliamentary Union / _cby Guy S. Goodwin-Gill. |
| 260 |
_a[Geneva] : _bInter-parliamentary Union, _c1998. |
||
| 300 |
_ax, 144 p. ; _c24 cm. |
||
| 504 | _aIncludes bibliographical references (p. [135]-144). | ||
| 650 | 0 | _aElection law. | |
| 650 | 0 | _aPolitical campaigns. | |
| 650 | 0 |
_aElections _xCorrupt practices. |
|
| 650 | 0 | _aElection monitoring. | |
| 710 | 2 | _aInter-parliamentary Union. | |
| 906 |
_a7 _bcbc _corignew _d3 _encip _f19 _gy-gencatlg |
||
| 942 |
_2ddc _cBK |
||
| 999 |
_c355 _d355 |
||